Normal view
MARC view
- MEYLAN, PAUL
Entry Personal Name
001 - CONTROL NUMBER
- control field: 86551
003 - CONTROL NUMBER IDENTIFIER
- control field: NUST
005 - DATE AND TIME OF LATEST TRANSACTION
- control field: 20211214101337.0
008 - FIXED-LENGTH DATA ELEMENTS
- fixed length control field: 211214|| aca||aabn | a|a d
040 ## - CATALOGING SOURCE
- Original cataloging agency: NUST
- Transcribing agency: NUST
100 ## - HEADING--PERSONAL NAME
- Personal name: MEYLAN, PAUL
670 ## - SOURCE DATA FOUND
- Source citation: Work cat.: (NUST): MEYLAN, PAUL., PREDICTIVE HYDROLOGY /, 2012.
